The state of the Ghanaian economy in 1994. (Record no. 508)

MARC details
000 -LEADER
fixed length control field 00466nam a2200169Ia 4500
008 - FIXED-LENGTH DATA ELEMENTS--GENERAL INFORMATION
fixed length control field 240428s9999||||xx |||||||||||||| ||und||
020 ## - INTERNATIONAL STANDARD BOOK NUMBER
International Standard Book Number 9964750099
041 ## - LANGUAGE CODE
Language code of text/sound track or separate title eng
082 ## - DEWEY DECIMAL CLASSIFICATION NUMBER
Classification number 330.9-IN
100 ## - MAIN ENTRY--PERSONAL NAME
Personal name The Institute of Statistical,social and Economic Research
245 #4 - TITLE STATEMENT
Title The state of the Ghanaian economy in 1994.
260 ## - PUBLICATION, DISTRIBUTION, ETC.
Name of publisher, distributor, etc. ISSER
Place of publication, distribution, etc. Legon, Accra.
Date of publication, distribution, etc. 1994
300 ## - PHYSICAL DESCRIPTION
Extent xi,177p,tabs.illus.
650 ## - SUBJECT ADDED ENTRY--TOPICAL TERM
Topical term or geographic name entry element Economic policy- Ghana
942 ## - ADDED ENTRY ELEMENTS (KOHA)
Koha item type Books
Holdings
Withdrawn status Lost status Damaged status Not for loan Home library Current library Shelving location Date acquired Total checkouts Full call number Date last seen Copy number Price effective from Koha item type
        Main Library Main Library Open Shelves 24/01/2022   330.9-IN 009.61 C1 29/04/2024 1 29/04/2024 Books
©2026  Parliament of Ghana Library - All rights reserved